Cartas de relación de la conquista de Chile

Uloženo v:
Podrobná bibliografie
Hlavní autor: Valdivia, Pedro de (Autor)
Médium: Kniha
Jazyk:španělština
Vydáno: Santiago, Chile Universitaria 1970
Edice:Colección Escritores Coloniales de Chile, 5
Témata:
Tagy: Přidat tag
Žádné tagy, Buďte první, kdo vytvoří štítek k tomuto záznamu!

MARC

LEADER 00000cam a2200000 a 4500
001 UCO0123
003 CL-VaPUC
005 20220106074421.0
008 000420e19700000CL |||||||||||||||||spa|d
999 |c 286841  |d 286839 
040 |c Pontificia Universidad Católica de Valparaíso 
082 0 4 |a 983.02 VAL 1970  |2 21 
100 0 |a Valdivia, Pedro de  |e author  |9 317024 
245 1 0 |a Cartas de relación de la conquista de Chile 
260 |a Santiago, Chile  |b Universitaria  |c 1970 
300 |a 193 páginas 
490 0 |a Colección Escritores Coloniales de Chile,  |v  5 
583 |a last modification  |c 20150408 03:40:37  |k Rodrigo Vera 
600 0 7 |a VALDIVIA, PEDRO DE  |2 CL-VaPUC  |9 317024 
650 0 |a Historia de Chile  |9 265473 
650 0 |a Conquista  |z CHILE  |9 339504 
650 7 |a EPOCA COLONIAL  |2 CL-VaPUC  |9 441159  |z CHILE 
852 |a BIBCUR 
942 |c BK  |2 ddc 
945 |d 20000420 00:00:00  |a lriquelm 
952 |0 0  |1 0  |2 ddc  |4 0  |6 983_020000000000000_VAL_1970  |7 0  |8 A  |9 333034  |a BIBHIS  |b BIBHIS  |d 2019-11-20  |i 1256440  |o 983.02 VAL 1970  |p 1256440  |r 2025-01-20  |t 2  |w 2019-11-20  |y BK  |k HIS 
952 |0 0  |1 0  |2 ddc  |4 0  |6 983_020000000000000_VAL_1970  |7 0  |8 A  |9 333035  |a BIBHIS  |b BIBHIS  |d 2019-11-20  |i 1256459  |l 4  |m 2  |o 983.02 VAL 1970  |p 1256459  |r 2025-01-20  |s 2023-04-25  |t 3  |w 2019-11-20  |y BK  |k HIS 
952 |0 0  |1 0  |2 ddc  |4 0  |6 983_020000000000000_VAL_1970  |7 0  |8 A  |9 333036  |a BIBHIS  |b BIBHIS  |d 2019-11-20  |i 1256467  |o 983.02 VAL 1970  |p 1256467  |r 2025-01-20  |t 4  |w 2019-11-20  |y BK  |k HIS 
952 |0 0  |1 0  |2 ddc  |4 0  |6 983_020000000000000_VAL_1970  |7 0  |8 P  |9 333037  |a BIBDER  |b BIBDER  |d 2019-11-20  |i 3934993  |o 983.02 VAL 1970  |p 3934993  |r 2023-01-25  |t 1  |w 2019-11-20  |y BK  |k DER 
952 |0 0  |1 0  |2 ddc  |3 erb  |4 0  |6 983_020000000000000_VAL_1970  |7 0  |8 A  |9 333038  |a BIBHIS  |b BIBHIS  |e Villagrán Garnham, Jorge  |i 515913K  |o 983.02 VAL 1970  |p 515913K  |r 2025-01-20  |t 5  |w 2019-11-20  |y BK  |z Catalogado en:20150416  |k HIS